00460nam a2200121Ia 450000500170000000800410001708200130005810000180007124500220008926000420011130000180015350001670017120250317121221.0240331s9999 xx 000 0 und d bKARa894 aKarthikesu, M 0aVazhi piranthathu aMadrasbElavazhagan pathippagamc1992 aXII, 148 p ., aIlangai malaiyaga tamilarkal - thotta tholilaalarkagal valzhaium avarkalathu pirachanaialaium unarchiyodu thiviramaga eduthukoorum padaippu vali piranthathu naval